Vplyv solubilizačnej derivatizácie na vlastnosti potenciálne biologicky aktívnych zlúčenín

Uložené v:
Podrobná bibliografia
Hlavný autor: Sipská, Gabriela (Autor)
Ďalší autori: Pavilek, Branislav (Vedúci práce)
Médium: Rukopis Kniha
Jazyk:Slovak
Vydavateľské údaje: 2025
Predmet:
On-line prístup:http://is.stuba.sk/zp/portal_zp.pl?podrobnosti=171838
Tagy: Pridať tag
Žiadne tagy, Buďte prvý, kto otaguje tento záznam!

MARC

LEADER 00000ntm a22000003a 4500
001 stuzp103824
003 SK-STU
005 20250628210911.1
007 ta
008 150427s2015----xo-----f-mn---000-0-slo-d
040 |a STU  |b slo 
041 0 |a slo 
100 1 |a Sipská, Gabriela  |u 048140  |4 aut  |U FCHPT Ústav organickej chémie, katalýzy a petrochémie  |T FCHPT Oddelenie organickej chémie  |X 117375  |U C8140  |Y 124  |7 117375 
242 0 1 |a Effect of solubilization by derivatization on potential biologically active compounds  |y eng 
245 1 0 |a Vplyv solubilizačnej derivatizácie na vlastnosti potenciálne biologicky aktívnych zlúčenín 
260 |c 2025 
650 4 |a fotoizomerizácia  |2 slo 
650 4 |a azo zlúčeniny  |2 slo 
650 4 |a fotodynamická terapia  |2 slo 
650 4 |a azo compound  |2 eng 
650 4 |a photoisomerisation  |2 eng 
650 4 |a photodynamic therapy  |2 eng 
700 1 |a Pavilek, Branislav  |u 048140  |k Z1  |4 ths  |U FCHPT Ústav organickej chémie, katalýzy a petrochémie  |T FCHPT Oddelenie organickej chémie  |X 61270  |U C8140  |Y 124  |7 61270 
856 4 |u http://is.stuba.sk/zp/portal_zp.pl?podrobnosti=171838